Educational differences, value of children and fertility outcomes in Germany /
El siguiente artículo hace referencia a la dependencia existente entre los ingresos y las oportunidades en la educación, así como también, la compatibilidad entre la carrera profesional y la paternidad de las mujeres. Diferentes investigaciones demuestran que las diferencias educacionales dependiend...
Uloženo v:
| Hlavní autor: | |
|---|---|
| Další autoři: | |
| Médium: | Text |
| Témata: | |
| Tagy: |
Přidat tag
Žádné tagy, Buďte první, kdo vytvoří štítek k tomuto záznamu!
|
MARC
| LEADER | 00000 a a2200000 04500 | ||
|---|---|---|---|
| 001 | 4770 | ||
| 003 | |||
| 040 | |||
| 100 | |a Klein, Thomas | ||
| 245 | |a Educational differences, value of children and fertility outcomes in Germany / |c Thomas Klein | ||
| 520 | |a El siguiente artículo hace referencia a la dependencia existente entre los ingresos y las oportunidades en la educación, así como también, la compatibilidad entre la carrera profesional y la paternidad de las mujeres. Diferentes investigaciones demuestran que las diferencias educacionales dependiendo de las familias, han sido interpretadas como una expresión de oportunidades económicas diferentes. El análisis contempla dos aspectos relacionados con la motivación hacia la fertilidad: por un lado hace referencia al nivel educacional y por otro examina la relevancia en el desarrollo de esas motivaciones hacia la paternidad | ||
| 650 | |a EDUCACION | ||
| 650 | |a FERTILIZACION | ||
| 650 | |a GENERO | ||
| 650 | |a PADRES | ||
| 650 | |a ALEMANIA | ||
| 650 | |a EFECTOS EDUCACIONALES | ||
| 700 | |a Eckhard, Jan | ||
| 773 | |g volumen 55, número 4; páginas 505-525 | ||
| 999 | |c 23414 |d 23414 | ||
| 773 | 0 | |0 18701 |9 10523 |d Los Angeles: SAGE Publications |o 03231 |t Current Sociology / |x 00113921 | |
